[Event "Kingston op"]
[Site "Kingston CAN"]
[Date "2000.02.12"]
[Round "3"]
[White "Struthers, Matthew"]
[Black "Furstner, Nandor"]
[Result "0-1"]
[WhiteElo "2157"]
[BlackElo "2079"]
[PlyCount "88"]
[GameId "2160767911733111"]
[EventDate "2000.02.12"]
[EventType "swiss"]
[EventRounds "5"]
[EventCountry "CAN"]
[SourceTitle "EXT 2022"]
[Source "ChessBase"]
[SourceDate "2021.10.06"]
[SourceVersion "1"]
[SourceVersionDate "2021.10.06"]
[SourceQuality "1"]

1. e4 c5 2. c3 d5 3. d4 dxe4 4. Be3 cxd4 5. Bxd4 e5 6. Bxe5 Qxd1+ 7. Kxd1 Nc6 8. Bb5 Bd7 9. Bf4 Nf6 10. Ne2 a6 11. Ba4 Bc5 12. Rf1 O-O-O 13. Kc1 Nd5 14. Bxc6 Bxc6 15. Bg3 Rhe8 16. a3 Be7 17. Nd4 g6 18. Nd2 Bg5 19. Kc2 f5 20. h4 Bf6 21. Nxc6 bxc6 22. Nc4 f4 23. Bh2 Bxh4 24. g3 Bg5 25. gxf4 Bxf4 26. Bxf4 Nxf4 27. Rae1 Re6 28. Nd2 Rde8 29. Nc4 Kc7 30. Rh1 h5 31. Reg1 Rf8 32. Rh2 Nd3 33. Rf1 Ref6 34. Nd2 Rxf2 35. Rfxf2 Rxf2 36. Rh3 Ne5 37. Kd1 e3 38. Rxe3 Rxd2+ 39. Kxd2 Nc4+ 40. Ke2 Nxe3 41. Kxe3 g5 42. c4 Kb6 43. Kd4 h4 44. c5+ Kb5 0-1

[Event "Kingston op"]
[Site "Kingston CAN"]
[Date "2000.02.13"]
[Round "4"]
[White "Benggawan, Amanda"]
[Black "Gebhardt, David"]
[Result "1/2-1/2"]
[WhiteElo "1953"]
[BlackElo "1977"]
[PlyCount "60"]
[GameId "2160767911733112"]
[EventDate "2000.02.12"]
[EventType "swiss"]
[EventRounds "5"]
[EventCountry "CAN"]
[SourceTitle "EXT 2022"]
[Source "ChessBase"]
[SourceDate "2021.10.06"]
[SourceVersion "1"]
[SourceVersionDate "2021.10.06"]
[SourceQuality "1"]

1. e4 c6 2. d4 d5 3. exd5 cxd5 4. Bd3 Nf6 5. c3 Nc6 6. Bf4 Qb6 7. Qb3 Bd7 8. h3 e6 9. Nf3 Na5 10. Qxb6 axb6 11. Nbd2 Be7 12. O-O b5 13. a3 Nc4 14. Nxc4 bxc4 15. Bc2 O-O 16. Ne5 Ba4 17. Bxa4 Rxa4 18. Bg5 Re8 19. f4 Ne4 20. Bxe7 Rxe7 21. g4 f6 22. Nf3 b5 23. Rfd1 h6 24. h4 Raa7 25. Rac1 Rab7 26. Rc2 g6 27. Nd2 Nxd2 28. Rcxd2 h5 29. g5 f5 30. Re1 Ra7 1/2-1/2

[Event "Kingston op"]
[Site "Kingston CAN"]
[Date "2000.02.13"]
[Round "4"]
[White "Predescu, Sebastian"]
[Black "Struthers, Matthew"]
[Result "1-0"]
[WhiteElo "1990"]
[BlackElo "2157"]
[PlyCount "97"]
[GameId "2160767911733113"]
[EventDate "2000.02.12"]
[EventType "swiss"]
[EventRounds "5"]
[EventCountry "CAN"]
[SourceTitle "CFC 2000.06"]
[Source "CFC"]
[SourceDate "2000.06.??"]
[SourceVersionDate "2000.06.??"]
[SourceQuality "1"]

1. d4 Nf6 2. Nf3 d6 3. Bf4 g6 4. e3 Bg7 5. Be2 O-O 6. h3 Nbd7 7. O-O c5 8. c3 a6 9. a4 b6 10. Nbd2 Bb7 11. Bh2 Qc8 12. b4 cxb4 13. cxb4 Nd5 14. Qb3 N7f6 15. Rfc1 Qe6 16. Bc4 h6 17. Re1 Qd7 18. e4 Nc7 19. e5 Nfd5 20. Ne4 b5 21. axb5 axb5 22. Rxa8 Rxa8 23. Bd3 Ra4 24. exd6 Rxb4 25. Qc2 exd6 26. Nxd6 Qc6 27. Qe2 Ba6 28. Be5 Qd7 29. Bxg7 Kxg7 30. Qe5+ Nf6 31. Qc5 Rb3 32. Ne5 Qd8 33. Nexf7 Qb8 34. Bc2 Rb2 35. Re7 Ncd5 36. Re1 Qf8 37. Be4 Qe7 38. Ne5 Bb7 39. Bxg6 Kg8 40. Bf7+ Kh7 41. Qa3 Nf4 42. Qxb2 Qxd6 43. Qb1+ Kg7 44. Qxb5 Bxg2 45. Re3 Bxh3 46. Rg3+ Kf8 47. Kh2 Qxd4 48. Qb8+ Ke7 49. Nc6+ 1-0

[Event "Kingston op"]
[Site "Kingston CAN"]
[Date "2000.02.13"]
[Round "5"]
[White "Gottlieb, Jonathan"]
[Black "Simic, Dusan"]
[Result "1/2-1/2"]
[WhiteElo "2133"]
[BlackElo "2292"]
[PlyCount "75"]
[GameId "2160767911733116"]
[EventDate "2000.02.12"]
[EventType "swiss"]
[EventRounds "5"]
[EventCountry "CAN"]
[SourceTitle "EXT 2022"]
[Source "ChessBase"]
[SourceDate "2021.10.06"]
[SourceVersion "1"]
[SourceVersionDate "2021.10.06"]
[SourceQuality "1"]

1. e4 d6 2. d4 Nf6 3. Nc3 g6 4. f3 c6 5. a4 Bg7 6. Be3 O-O 7. Qd2 d5 8. e5 Ne8 9. Bh6 f6 10. h4 fxe5 11. Bxg7 Nxg7 12. dxe5 Nd7 13. f4 Nc5 14. Be2 Bf5 15. Bf3 d4 16. Nce2 d3 17. Qc3 Nge6 18. g4 dxe2 19. gxf5 Rxf5 20. Nxe2 Kh8 21. b4 Na6 22. Bg4 Qd5 23. O-O Ng7 24. Rad1 Qg8 25. Bxf5 Nxf5 26. Ng3 Nxg3 27. Qxg3 Nxb4 28. Rd7 Rd8 29. Rfd1 Rxd7 30. Rxd7 Qe6 31. Rxb7 Qc4 32. Rxa7 Nd5 33. Qf2 Qe4 34. Kh2 Ne3 35. Kg3 Nf5+ 36. Kh2 Ne3 37. Kg3 Nf5+ 38. Kh2 1/2-1/2

[Event "Kingston op"]
[Site "Kingston CAN"]
[Date "2000.02.13"]
[Round "5"]
[White "Kirby, Patrick"]
[Black "Furstner, Nandor"]
[Result "1/2-1/2"]
[WhiteElo "2090"]
[BlackElo "2079"]
[PlyCount "60"]
[GameId "2160767911733117"]
[EventDate "2000.02.12"]
[EventType "swiss"]
[EventRounds "5"]
[EventCountry "CAN"]
[SourceTitle "EXT 2022"]
[Source "ChessBase"]
[SourceDate "2021.10.06"]
[SourceVersion "1"]
[SourceVersionDate "2021.10.06"]
[SourceQuality "1"]

1. d4 Nf6 2. c4 g6 3. Nc3 Bg7 4. e4 d6 5. Nf3 O-O 6. Be2 Nbd7 7. O-O c5 8. d5 h6 9. h3 g5 10. Be3 g4 11. Nh2 gxh3 12. g3 Ne5 13. f4 Ng6 14. Qd2 h5 15. e5 Ng4 16. Nxg4 Bxg4 17. Bd3 f5 18. exf6 Rxf6 19. Ne4 Qf8 20. Qc2 Nh8 21. Nxf6+ Qxf6 22. Rab1 Kf7 23. Kh2 Rg8 24. b4 b6 25. a4 Bh6 26. bxc5 dxc5 27. Rg1 Ng6 28. Bxg6+ Rxg6 29. Rbf1 Bf5 30. Qd2 Bg7 1/2-1/2

[Event "Kingston op"]
[Site "Kingston CAN"]
[Date "2000.02.13"]
[Round "5"]
[White "Leger, Manon"]
[Black "Gould, Charles"]
[Result "1-0"]
[WhiteElo "2044"]
[BlackElo "1974"]
[PlyCount "100"]
[GameId "2160767911733118"]
[EventDate "2000.02.12"]
[EventType "swiss"]
[EventRounds "5"]
[EventCountry "CAN"]
[SourceTitle "EXT 2022"]
[Source "ChessBase"]
[SourceDate "2021.10.06"]
[SourceVersion "1"]
[SourceVersionDate "2021.10.06"]
[SourceQuality "1"]

1. e4 e5 2. Nf3 Nc6 3. Bb5 a6 4. Ba4 Nf6 5. d3 Bc5 6. O-O b5 7. Bb3 d6 8. a4 Bg4 9. c3 O-O 10. axb5 axb5 11. Rxa8 Qxa8 12. h3 Bh5 13. Nbd2 Qc8 14. Re1 Kh8 15. Nf1 b4 16. Ng3 Bg6 17. Nh4 bxc3 18. bxc3 Qb7 19. Bc2 d5 20. Ngf5 dxe4 21. dxe4 Qb6 22. Be3 Qa5 23. Qa1 Bxe3 24. Nxg6+ hxg6 25. Nxe3 Ra8 26. Qxa5 Rxa5 27. Bb3 Kg8 28. f3 Ra3 29. Rb1 Na5 30. Bd5 Rxc3 31. Nd1 Nxd5 32. Nxc3 Nxc3 33. Rb8+ Kh7 34. Ra8 Nc6 35. Kf2 Nd4 36. Ke3 g5 37. Kd3 Nce2 38. Ra2 Nf4+ 39. Kc4 Kg6 40. Ra6+ f6 41. Ra2 Kh5 42. g3 Nfe2 43. Ra7 Nxg3 44. Rxc7 Kg6 45. Kd5 Nge2 46. Rb7 Nxf3 47. Kd6 Nf4 48. Ke7 Nd2 49. Kf8 Ne6+ 50. Ke7 Nxe4 1-0

[Event "Kingston op"]
[Site "Kingston CAN"]
[Date "2000.02.13"]
[Round "5"]
[White "Struthers, Matthew"]
[Black "Brice, Ron"]
[Result "0-1"]
[WhiteElo "2157"]
[BlackElo "2088"]
[PlyCount "86"]
[GameId "2160767911733119"]
[EventDate "2000.02.12"]
[EventType "swiss"]
[EventRounds "5"]
[EventCountry "CAN"]
[SourceTitle "EXT 2022"]
[Source "ChessBase"]
[SourceDate "2021.10.06"]
[SourceVersion "1"]
[SourceVersionDate "2021.10.06"]
[SourceQuality "1"]

1. e4 c5 2. c3 d6 3. d4 cxd4 4. cxd4 Nf6 5. Nc3 e6 6. f4 Be7 7. Nf3 O-O 8. Bd3 a6 9. Qc2 h6 10. O-O Nc6 11. a3 Qb6 12. Na4 Qa7 13. Be3 Ng4 14. Bf2 Nxf2 15. Qxf2 Bd7 16. d5 Ne5 17. fxe5 Qxf2+ 18. Rxf2 Bxa4 19. dxe6 fxe6 20. Kf1 Rac8 21. Rb1 Rc5 22. exd6 Bxd6 23. Nd4 Rxf2+ 24. Kxf2 Kf7 25. g3 Ke7 26. Re1 Rh5 27. Nf3 Rc5 28. Re2 Rc1 29. Re1 Rxe1 30. Kxe1 g5 31. g4 Bf4 32. Bc4 Bc6 33. Nd4 Bd7 34. h3 Be5 35. Nc2 Bxb2 36. Kd2 Kd6 37. Ke3 Kc5 38. Bb3 a5 39. Kf3 Bc1 40. Kg3 e5 41. Kf3 Bb5 42. a4 Bc4 43. Na1 Bb2 0-1

[Event "Kingston op active"]
[Site "Kingston CAN"]
[Date "2000.10.23"]
[Round "5"]
[White "Coppin, Wayne"]
[Black "Dixon, Frank"]
[Result "0-1"]
[WhiteElo "1709"]
[BlackElo "1782"]
[PlyCount "69"]
[GameId "2160767911635836"]
[EventDate "2000.10.23"]
[EventType "swiss (rapid)"]
[EventRounds "6"]
[EventCountry "CAN"]
[SourceTitle "CFC 2000.12"]
[Source "CFC"]
[SourceDate "2000.12.??"]
[SourceVersionDate "2000.12.??"]
[SourceQuality "1"]

1. f4 d5 2. Nf3 Nf6 3. e3 g6 4. b3 Bg7 5. Bb2 O-O 6. Be2 c5 7. O-O Nc6 8. Qe1 Bf5 9. d3 Qb6 10. Nbd2 c4 11. Nd4 cxd3 12. cxd3 Nb4 13. Nxf5 gxf5 14. Bd4 Qa6 15. Nf3 Nc2 16. Qh4 Nxa1 17. Bxa1 Rac8 18. Be5 Ng4 19. Bxg7 Kxg7 20. Nd4 Nxe3 21. Qg3+ Ng4 22. h3 Qb6 23. hxg4 Qxd4+ 24. Kh2 Kh8 25. g5 Rc2 26. Bh5 Qg7 27. Qe3 f6 28. Rf3 fxg5 29. fxg5 e5 30. g6 d4 31. Qe1 Qc7 32. Rg3 Rg8 33. Qd1 f4 34. g7+ Rxg7 35. Rxg7 0-1

[Event "Kingston-ch"]
[Site "Kingston CAN"]
[Date "2000.06.04"]
[Round "7"]
[White "Coppin, Wayne"]
[Black "Dixon, Frank"]
[Result "1/2-1/2"]
[WhiteElo "2012"]
[BlackElo "2070"]
[PlyCount "49"]
[GameId "2160767911724535"]
[EventDate "2000.04.24"]
[EventType "tourn"]
[EventRounds "10"]
[EventCountry "CAN"]
[SourceTitle "CFC 2000.08"]
[Source "CFC"]
[SourceDate "2000.08.??"]
[SourceVersionDate "2000.08.??"]
[SourceQuality "1"]

1. e4 e6 2. d4 d5 3. Nd2 c5 4. exd5 Qxd5 5. Ngf3 cxd4 6. Bc4 Qd6 7. O-O Nf6 8. Nb3 Nc6 9. Nbxd4 Nxd4 10. Nxd4 Bd7 11. Nb5 Qc5 12. Qe2 a6 13. Be3 Qe5 14. Nd4 b5 15. Bb3 Qc7 16. Rfe1 Bd6 17. Nf5 Bxh2+ 18. Kh1 O-O 19. Nxg7 Kxg7 20. Bg5 Bc6 21. Qd2 Ng8 22. Bh6+ Nxh6 23. Qg5+ Kh8 24. Qf6+ Kg8 25. Qg5+ 1/2-1/2

[Event "LEO-ch ferme"]
[Site "Hull CAN"]
[Date "2000.05.02"]
[Round "1"]
[White "Gagnon, Fabien"]
[Black "Cote, Jacques"]
[Result "1-0"]
[WhiteElo "2135"]
[BlackElo "2140"]
[PlyCount "67"]
[GameId "2160767911724508"]
[EventDate "2000.05.02"]
[EventType "tourn"]
[EventRounds "5"]
[EventCountry "CAN"]

1. e4 e5 2. Nf3 Nc6 3. Bb5 a6 4. Ba4 Nf6 5. O-O b5 6. Bb3 Bc5 7. c3 Bb7 8. d4 exd4 9. cxd4 Be7 10. e5 Ne4 11. Re1 d5 12. Nc3 Na5 13. Bc2 Nxc3 14. bxc3 O-O 15. Qd3 g6 16. Bh6 Re8 17. e6 Bf6 18. exf7+ Kxf7 19. Rxe8 Qxe8 20. Re1 Qc6 21. h4 Re8 22. Rxe8 Qxe8 23. h5 Qe4 24. Qd2 Qg4 25. hxg6+ hxg6 26. Qe2 Qh5 27. Qe3 Nc4 28. Qf4 Ke6 29. g4 Qh3 30. Bxg6 Nd6 31. Bg5 Qh8 32. Bf5+ Ke7 33. Qe5+ Kf7 34. Qe6+ 1-0

[Event "LEO-ch ferme"]
[Site "Hull CAN"]
[Date "2000.05.06"]
[Round "2"]
[White "Dessmark, Andres"]
[Black "Gagnon, Fabien"]
[Result "1/2-1/2"]
[WhiteElo "1898"]
[BlackElo "2135"]
[PlyCount "50"]
[GameId "2160767911724509"]
[EventDate "2000.05.02"]
[EventType "tourn"]
[EventRounds "5"]
[EventCountry "CAN"]

1. d4 Nf6 2. c4 g6 3. Nc3 Bg7 4. e4 d6 5. f4 O-O 6. Be2 Nfd7 7. Be3 e5 8. fxe5 dxe5 9. Nf3 exd4 10. Bxd4 f6 11. O-O Nc6 12. Be3 Qe7 13. Nd5 Qxe4 14. Bd3 Qg4 15. h3 Qh5 16. Nxc7 Rb8 17. Ne6 Re8 18. Nxg7 Kxg7 19. Qd2 b6 20. Rae1 Bb7 21. Bxg6 Qxg6 22. Qxd7+ Kh8 23. Qg4 Qd3 24. Bh6 Rg8 25. Qf4 Qd8 1/2-1/2

[Event "LEO-ch ferme"]
[Site "Hull CAN"]
[Date "2000.05.09"]
[Round "3"]
[White "Gagnon, Fabien"]
[Black "Menard, Marc"]
[Result "1-0"]
[WhiteElo "2135"]
[BlackElo "1680"]
[PlyCount "21"]
[GameId "2160767911724510"]
[EventDate "2000.05.02"]
[EventType "tourn"]
[EventRounds "5"]
[EventCountry "CAN"]

1. e4 d5 2. exd5 Nf6 3. Bb5+ Bd7 4. Bc4 Bg4 5. Nf3 Nxd5 6. c3 Nc6 7. Qb3 Bxf3 8. Qxb7 Na5 9. Bb5+ c6 10. Bxc6+ Nxc6 11. Qxc6+ 1-0

[Event "LEO-ch ferme"]
[Site "Hull CAN"]
[Date "2000.05.13"]
[Round "4"]
[White "Laurin, Jacques"]
[Black "Gagnon, Fabien"]
[Result "1-0"]
[WhiteElo "1966"]
[BlackElo "2135"]
[PlyCount "114"]
[GameId "2160767911724511"]
[EventDate "2000.05.02"]
[EventType "tourn"]
[EventRounds "5"]
[EventCountry "CAN"]

1. c4 e5 2. g3 Nf6 3. Bg2 c6 4. Nf3 e4 5. Ng5 d5 6. cxd5 cxd5 7. Qb3 Be7 8. d3 exd3 9. Qxd3 Nc6 10. a3 O-O 11. Nc3 Be6 12. Bf4 Qd7 13. O-O Bf5 14. Qd2 h6 15. Nf3 d4 16. Nb5 Ne4 17. Qd1 Bc5 18. Rc1 Bb6 19. Nh4 Bh7 20. Nf3 Rad8 21. Nd2 Nxd2 22. Qxd2 g5 23. Bd6 Rfe8 24. Bc5 Bxc5 25. Rxc5 a6 26. Rd5 Qe7 27. Nxd4 Nxd4 28. Qxd4 Rxd5 29. Qxd5 Qxe2 30. Qxb7 Bd3 31. Qc6 Re6 32. Qc3 Bb5 33. Rc1 Rd6 34. Bf3 Qd2 35. Qxd2 Rxd2 36. b3 Rd3 37. Bd1 Kf8 38. Kg2 Ke7 39. a4 Bd7 40. b4 Kd6 41. Be2 Rd2 42. Bxa6 Bxa4 43. b5 Rb2 44. Rc6+ Kd7 45. Rxh6 Bxb5 46. Bxb5+ Rxb5 47. Rh5 f6 48. h4 Ke6 49. f4 Rb2+ 50. Kf3 gxf4 51. gxf4 Kf7 52. Rc5 Kg6 53. h5+ Kg7 54. Kg4 Rh2 55. Rc8 Rh1 56. Rc7+ Kg8 57. Kf5 Rxh5+ 1-0

[Event "LEO-ch ferme"]
[Site "Hull CAN"]
[Date "2000.05.16"]
[Round "5"]
[White "Gagnon, Fabien"]
[Black "Arsenault, Michel"]
[Result "1/2-1/2"]
[WhiteElo "2135"]
[BlackElo "1903"]
[PlyCount "57"]
[GameId "2160767911724512"]
[EventDate "2000.05.02"]
[EventType "tourn"]
[EventRounds "5"]
[EventCountry "CAN"]

1. e4 c5 2. Nf3 e6 3. d3 Nc6 4. g3 d6 5. Bg2 g6 6. O-O Bg7 7. c3 Nge7 8. Be3 O-O 9. Qd2 Qa5 10. Bh6 e5 11. Bxg7 Kxg7 12. Na3 h6 13. Nc4 Qc7 14. Nh4 Be6 15. Ne3 Rad8 16. f4 f5 17. Nd5 Qd7 18. Rae1 Rf7 19. Qe3 Rdf8 20. a3 exf4 21. Nxf4 g5 22. Nxe6+ Qxe6 23. Nxf5+ Nxf5 24. exf5 Qxe3+ 25. Rxe3 Rxf5 26. Rxf5 Rxf5 27. Bxc6 bxc6 28. Re7+ Rf7 29. Re6 1/2-1/2

[Event "LEO-ch ferme m"]
[Site "Hull CAN"]
[Date "2000.05.19"]
[Round "1"]
[White "Cote, Jacques"]
[Black "Gagnon, Fabien"]
[Result "1-0"]
[WhiteElo "2145"]
[BlackElo "2135"]
[PlyCount "49"]
[GameId "2160767911711866"]
[EventDate "2000.05.19"]
[EventType "match"]
[EventRounds "3"]
[EventCountry "CAN"]

1. e4 c5 2. Nf3 Nc6 3. d4 cxd4 4. Nxd4 g6 5. Be3 Bg7 6. Nc3 Nf6 7. Nxc6 bxc6 8. e5 Ng8 9. f4 f6 10. Bd3 fxe5 11. f5 d5 12. fxg6 Nf6 13. gxh7 e4 14. Be2 Rxh7 15. O-O Qd6 16. Bf4 Qc5+ 17. Kh1 d4 18. Na4 Qd5 19. c4 Qa5 20. Qxd4 Qxa4 21. Be5 Qc2 22. Rf2 Ng4 23. Bxg7 Nxf2+ 24. Qxf2 Bg4 25. Qf8+ 1-0

[Event "LEO-ch ferme m"]
[Site "Hull CAN"]
[Date "2000.05.20"]
[Round "2"]
[White "Gagnon, Fabien"]
[Black "Cote, Jacques"]
[Result "1-0"]
[WhiteElo "2135"]
[BlackElo "2145"]
[PlyCount "161"]
[GameId "2160767911711867"]
[EventDate "2000.05.19"]
[EventType "match"]
[EventRounds "3"]
[EventCountry "CAN"]

1. d4 f5 2. g3 Nf6 3. Bg2 e6 4. Nf3 d5 5. O-O Bd6 6. b3 Qe7 7. c4 c6 8. Bb2 O-O 9. Nbd2 Nbd7 10. Ne5 Bxe5 11. dxe5 Ng4 12. Nf3 dxc4 13. h3 Nh6 14. bxc4 Nf7 15. Qc1 Rd8 16. Ba3 c5 17. Qe3 Rb8 18. Rab1 b6 19. Bb2 Bb7 20. Nd2 Bxg2 21. Kxg2 Rb7 22. f4 Nb8 23. Nf3 Rbd7 24. Qb3 Nc6 25. Rfd1 Na5 26. Rxd7 Qxd7 27. Qc2 Qc6 28. Kf2 Qe4 29. Rc1 Qxc2 30. Rxc2 h6 31. g4 g6 32. gxf5 gxf5 33. Nd2 Nc6 34. Bc3 Nd4 35. Bxd4 Rxd4 36. e3 Rd3 37. Ke2 Ra3 38. Nb1 Ra4 39. Kd3 Nd8 40. Kc3 Kf7 41. a3 Nc6 42. Kb3 Ra6 43. Rd2 Ke7 44. h4 Na5+ 45. Kc3 Nc6 46. h5 Ra5 47. Rg2 Nd8 48. Rg7+ Nf7 49. Rg8 a6 50. Ra8 Nd8 51. Ra7+ Ke8 52. Rc7 Ra4 53. Kb3 b5 54. Nd2 Ra5 55. Rxc5 bxc4+ 56. Kb4 Rxc5 57. Kxc5 c3 58. Nb3 c2 59. Kb6 Kd7 60. Kxa6 Kc6 61. Nd4+ Kd5 62. Nxc2 Ke4 63. Kb6 Kd3 64. a4 Kxc2 65. a5 Kd3 66. a6 Kxe3 67. a7 Kxf4 68. a8=Q Nf7 69. Qa1 Kg5 70. Kc5 Kxh5 71. Kd4 Ng5 72. Ke3 Kg6 73. Qg1 Kh5 74. Qh1+ Kg6 75. Qg2 Kf7 76. Qb7+ Kg6 77. Qe7 Kh5 78. Qf6 Kg4 79. Qxh6 f4+ 80. Kf2 f3 81. Kf1 1-0

[Event "LEO-ch ferme m"]
[Site "Hull CAN"]
[Date "2000.05.21"]
[Round "3"]
[White "Cote, Jacques"]
[Black "Gagnon, Fabien"]
[Result "0-1"]
[WhiteElo "2145"]
[BlackElo "2135"]
[PlyCount "80"]
[GameId "2160767911711868"]
[EventDate "2000.05.19"]
[EventType "match"]
[EventRounds "3"]
[EventCountry "CAN"]

1. e4 c6 2. d4 d5 3. e5 c5 4. dxc5 e6 5. Be3 Nd7 6. Bb5 Qc7 7. Qd4 Nh6 8. g4 Be7 9. b4 O-O 10. Bxh6 gxh6 11. Nf3 f6 12. Bxd7 Bxd7 13. Nbd2 b6 14. cxb6 axb6 15. Qb2 Bb5 16. a3 fxe5 17. Nxe5 Bf6 18. Ndf3 Bg7 19. a4 Be8 20. Ra3 Rxa4 21. Rxa4 Bxa4 22. Qa3 Qxc2 23. O-O Bb5 24. Re1 Bxe5 25. Rxe5 Qd1+ 26. Kg2 Qf1+ 27. Kg3 Bd3 28. Re1 Rxf3+ 29. Kxf3 Qxe1 30. Qxd3 Qxb4 31. Kg3 Qc4 32. Qe3 Qc7+ 33. Kh3 Qf7 34. Qxh6 Qf3+ 35. Kh4 Qxf2+ 36. Kg5 Qd2+ 37. Kh5 Qxh6+ 38. Kxh6 b5 39. Kg5 Kg7 40. Kf4 b4 0-1

[Event "La Colonne Ouverte"]
[Site "Gatineau CAN"]
[Date "2000.10.17"]
[Round "1"]
[White "Lacourse, Guy"]
[Black "Dupont, Claude"]
[Result "1-0"]
[WhiteElo "1694"]
[BlackElo "1359"]
[PlyCount "109"]
[GameId "2160767911644079"]
[EventDate "2000.10.17"]
[EventType "swiss"]
[EventRounds "4"]
[EventCountry "CAN"]
[SourceTitle "EXT 2022"]
[Source "ChessBase"]
[SourceDate "2021.10.06"]
[SourceVersion "1"]
[SourceVersionDate "2021.10.06"]
[SourceQuality "1"]

1. Nf3 d5 2. d4 Nc6 3. c4 e6 4. Nc3 Nf6 5. Bg5 Be7 6. e3 a6 7. Rc1 Ne4 8. Bxe7 Qxe7 9. cxd5 Nxc3 10. Rxc3 exd5 11. Bd3 Bg4 12. h3 Bxf3 13. Qxf3 Nxd4 14. Qxd5 Nb5 15. Bxb5+ axb5 16. Qxb5+ c6 17. Qb3 O-O 18. O-O Rfd8 19. a3 Rd2 20. Rd3 Rxd3 21. Qxd3 Rd8 22. Qb3 b5 23. Rd1 g6 24. Rd3 Rxd3 25. Qxd3 Qf6 26. Qd2 h5 27. f3 Kg7 28. Qd4 c5 29. Qxf6+ Kxf6 30. Kf2 Ke5 31. Ke2 h4 32. Kd3 g5 33. b3 Kd5 34. a4 c4+ 35. bxc4+ bxc4+ 36. Kc3 Kc5 37. f4 gxf4 38. exf4 f5 39. a5 Kb5 40. a6 Kxa6 41. Kxc4 Ka5 42. Kd5 Kb4 43. Ke5 Kc4 44. Kxf5 Kd4 45. Kg5 Ke4 46. f5 Ke3 47. Kxh4 Kf2 48. g4 Kf3 49. f6 Kf4 50. f7 Ke5 51. f8=Q Ke6 52. Qc5 Kf6 53. Kh5 Kg7 54. Qe7+ Kg8 55. Kg6 1-0

[Event "La Colonne Ouverte"]
[Site "Gatineau CAN"]
[Date "2000.10.17"]
[Round "1"]
[White "Lavergne, Daniel"]
[Black "Thibault, Mario"]
[Result "1-0"]
[WhiteElo "1576"]
[BlackElo "1847"]
[PlyCount "59"]
[GameId "2160767911644080"]
[EventDate "2000.10.17"]
[EventType "swiss"]
[EventRounds "4"]
[EventCountry "CAN"]
[SourceTitle "EXT 2022"]
[Source "ChessBase"]
[SourceDate "2021.10.06"]
[SourceVersion "1"]
[SourceVersionDate "2021.10.06"]
[SourceQuality "1"]

1. e4 c5 2. Nf3 e6 3. d4 cxd4 4. Nxd4 Qb6 5. Nb3 Qc7 6. c4 Nf6 7. Nc3 Bb4 8. Bd2 O-O 9. Nb5 Bxd2+ 10. Qxd2 Qe5 11. Bd3 Nc6 12. f4 Qb8 13. e5 Nxe5 14. fxe5 Qxe5+ 15. Qe2 Qf4 16. g3 Qg5 17. Nd6 b6 18. Nd2 Rb8 19. O-O-O Ba6 20. Kb1 Qc5 21. N6e4 Nxe4 22. Nxe4 Qe7 23. Qh5 g6 24. Qh6 f5 25. Ng5 e5 26. Rhe1 e4 27. Nxe4 fxe4 28. Bxe4 Qf6 29. Rxd7 Rf7 30. Rxf7 1-0

[Event "La Colonne Ouverte"]
[Site "Gatineau CAN"]
[Date "2000.10.17"]
[Round "1"]
[White "Thomann, Olivier"]
[Black "Blais, Robert"]
[Result "1-0"]
[WhiteElo "1773"]
[BlackElo "1526"]
[PlyCount "79"]
[GameId "2160767911644081"]
[EventDate "2000.10.17"]
[EventType "swiss"]
[EventRounds "4"]
[EventCountry "CAN"]
[SourceTitle "EXT 2022"]
[Source "ChessBase"]
[SourceDate "2021.10.06"]
[SourceVersion "1"]
[SourceVersionDate "2021.10.06"]
[SourceQuality "1"]

1. e4 c5 2. f4 Nc6 3. Nf3 d6 4. g3 Nf6 5. Nc3 e5 6. f5 g6 7. fxg6 hxg6 8. d3 Be6 9. Bg5 Be7 10. Qd2 Nh7 11. Be3 Qa5 12. Bg2 O-O-O 13. Nd5 Qxd2+ 14. Kxd2 Bf8 15. Ng5 Nxg5 16. Bxg5 Rd7 17. Nf6 Rc7 18. h4 Ne7 19. Bh3 Bxh3 20. Rxh3 Bh6 21. Bxh6 Rxh6 22. Ng4 Rh8 23. Nf6 Ng8 24. Rf1 Nxf6 25. Rxf6 Rd7 26. g4 Kd8 27. h5 Ke7 28. Rff3 gxh5 29. Rxh5 Rxh5 30. gxh5 Ke6 31. Rf5 f6 32. Ke3 Rg7 33. Kf3 b5 34. h6 Rh7 35. Rh5 Kf7 36. Kg4 Kg6 37. c4 b4 38. b3 a6 39. Rh4 a5 40. Rh5 1-0

[Event "La Colonne Ouverte"]
[Site "Gatineau CAN"]
[Date "2000.10.24"]
[Round "2"]
[White "Cote, Jacques"]
[Black "Lacourse, Guy"]
[Result "1-0"]
[WhiteElo "2105"]
[BlackElo "1694"]
[PlyCount "95"]
[GameId "2160767911644082"]
[EventDate "2000.10.17"]
[EventType "swiss"]
[EventRounds "4"]
[EventCountry "CAN"]
[SourceTitle "EXT 2022"]
[Source "ChessBase"]
[SourceDate "2021.10.06"]
[SourceVersion "1"]
[SourceVersionDate "2021.10.06"]
[SourceQuality "1"]

1. e4 c5 2. Nf3 d6 3. d4 cxd4 4. Nxd4 Nf6 5. Nc3 a6 6. Bg5 e6 7. f4 Be7 8. Qf3 Qc7 9. O-O-O Bd7 10. Be2 Nc6 11. Nb3 Rc8 12. Rhe1 b5 13. Rd2 O-O 14. Kb1 b4 15. Nd1 Na5 16. Bxf6 Bxf6 17. e5 Nxb3 18. Qxb3 dxe5 19. Bxa6 Rb8 20. fxe5 Bxe5 21. g3 Bc3 22. Rxd7 Qxd7 23. Nxc3 bxc3 24. Qxc3 Rfd8 25. Bd3 Qb7 26. b3 Qg2 27. h4 Rbc8 28. Qe5 Rd5 29. Qe3 Qh3 30. Be4 Rd6 31. Qf4 Rcd8 32. Kb2 f5 33. Bf3 Qh2 34. Qc4 Qxg3 35. Rxe6 Rxe6 36. Qxe6+ Kh8 37. Qxf5 Qd6 38. Be4 g6 39. Qf3 Qe5+ 40. Qc3 Rd4 41. Bf3 Qf6 42. h5 g5 43. a4 Rf4 44. Bd5 g4 45. a5 Rd4 46. h6 Rf4 47. a6 Qxc3+ 48. Kxc3 1-0

[Event "La Colonne Ouverte"]
[Site "Gatineau CAN"]
[Date "2000.10.24"]
[Round "2"]
[White "Menard, Marc"]
[Black "Lamothe, Luc"]
[Result "1-0"]
[WhiteElo "1630"]
[BlackElo "1219"]
[PlyCount "47"]
[GameId "2160767911644083"]
[EventDate "2000.10.17"]
[EventType "swiss"]
[EventRounds "4"]
[EventCountry "CAN"]
[SourceTitle "EXT 2022"]
[Source "ChessBase"]
[SourceDate "2021.10.06"]
[SourceVersion "1"]
[SourceVersionDate "2021.10.06"]
[SourceQuality "1"]

1. e4 e6 2. d4 c5 3. Nf3 Nc6 4. Bb5 Nf6 5. Nc3 Qa5 6. Bxc6 bxc6 7. O-O cxd4 8. Nxd4 Bb4 9. Nb3 Qc7 10. Bd2 Ba6 11. Re1 e5 12. Nd5 cxd5 13. Bxb4 Nxe4 14. Qxd5 Bb7 15. Qd3 Nf6 16. Bd6 Qc6 17. Rxe5+ Kd8 18. Be7+ Ke8 19. Qg3 Nh5 20. Bd6+ Kd8 21. Rxh5 g6 22. Qh4+ Kc8 23. Rc5 Qxc5 24. Nxc5 1-0